Miesiące i pory roku hiszpański - Statystyki

Ogólne statystyki
  • Ten quiz został rozwiązany 38 razy
    27 od ostatniego zresetowania
  • Średni wynik to 11 z 16
Statystyki odpowiedzi
Hint Odpowiedź % Poprawnych
Styczeń enero
100%
Luty febrero
100%
Marzec marzo
100%
Maj mayo
100%
Kwiecień abril
82%
Sierpień agosto
82%
Czerwiec junio
82%
Listopad noviembre
82%
Październik octubre
82%
Wrzesień septiembre
82%
Grudzień diciembre
73%
Lipiec julio
64%
Wiosna la primavera
36%
Lato el invierno
9%
Zima el otoño
9%
Jesień el verano
9%
Nie znaleziono quizów pasujących do podanych kryteriów
Rozkład punktacji
Procent ludzi z każdym wynikiem
Percentyl według liczby udzielonych odpowiedzi
Twoja historia wyników
Nie rozwiązałeś tego quizu od ostatniego zresetowania